Statistiken für Alle Minderheiten der Niederlande

Klicken Sie hier um das Quiz zu spielen!

Allgemein

  • Dieses Quiz wurde 57 mal gespielt
  • Das Durchschnittsergebnis liegt bei 21 aus 30

Antwortstatistiken

BevölkerungLand% Korrekt
349,284Deutschland
100%
121,019Belgien
98%
48,926Frankreich
96%
49,116Spanien
94%
94,915Vereinigtes Königreich
90%
60,013Italien
88%
198,024Polen
85%
416,864Türkei
85%
46,807USA
85%
94,915China
83%
56,462Indien
79%
33,348Brasilien
73%
356,029Indonesien
73%
28,802Portugal
73%
28,100Griechenland
71%
47,797Iran
69%
64,653Irak
67%
105,440Syrien
67%
40,216Bulgarien
65%
50,403Afghanistan
63%
408,864Marokko
63%
39,340Rumänien
60%
25,050Pakistan
58%
356,402Suriname
58%
27,504Ägypten
52%
26,172Ungarn
52%
26,354Südafrika
42%
40,251Somalia
33%
25,642Äthiopien
31%
25,453Ghana
21%

Verteilung der Resultate

Perzentil nach korrekt beantworteten Fragen

Anzahl Personen mit jedem Resultat

Ihre Resultats-Entwicklung

Sie haben dieses Quiz noch nicht gespielt